Die Deutschen Zeitungen des 17. Jahrhunderts band I

Bibliographic Details
Format: Book
Language:Undetermined
PhysicalDescription:307 s.
Published: Bremen Schünemann Universitätsverlag 1971
Edition:1. nem. vyd.

MARC

LEADER 00000nam a2200000 a 4500
001 vtls001462569
003 SK-MaSNL
005 20260224160149.0
008 210928s1971 xx 0 und
035 |a SNK000417875 
040 |a SNK  |b slo  |c SNK  |e AACR2 
245 1 4 |a Die Deutschen Zeitungen des 17. Jahrhunderts  |b band I 
250 |a 1. nem. vyd. 
260 |a Bremen  |b Schünemann Universitätsverlag  |c 1971 
300 |a 307 s. 
958 |a OND 
999 |c 1073513  |d 1075443 
952 |t P60, <04>, [BOOK], {604}  |a SNK  |b SNK  |y VYP  |7 0  |p 17A0402241  |o snkIC 54585/1  |i snkV 1923/73  |0 0  |1 0  |4 0  |d 2003-11-03  |l 0  |r 2005-01-02 00:00:00  |w 2026-02-24